000 00664nam a22001937a 4500
003 OSt
005 20150408114140.0
008 130921s 2012su ||||g |||| 00| 0 ara d
020 _a9789960019352
040 _aMau
082 _a 810.8
_bف م ن
100 _aالفريح، محمد بن عبد الله
_912895
245 _aالنهر الجاري :
_bحكم وروائع من واقع الحياة /
_cمحمد عبد الله الفريح.
250 _aط. 2.
260 _aالرياض :
_bمكتبة العبيكان،
_c2012 1433.
300 _a320 ص. ؛
_c 22 سم.
650 _aالأدب العربي
_xمجموعات
942 _2ddc
_cBOOK
999 _c30749
_d265249